000 00838nam a2200301Ia 4500
003 OSt
005 20220912150725.0
006 a|||||r|||| 00| 0
007 ta
008 220909b |||||||| |||| 00| 0 eng d
020 _a0387949577 (hbd)
024 _a5721
037 _bNarosa,
037 _cTextual
040 _aCSL
_beng
_cCSL
041 _aeng
082 _aB281, N7
100 _aKallenberg Olav
245 0 _aFoundations of modern probability
260 _aNew York
_b Springer-Verlag
_c1997
300 _axii,523p
490 _aProbability and its applications
500 _aAppendices A1-A2, 455-463p; Bibliography 486-507p; Indexes 509-523p
650 _a Probability
650 _aStatistics
942 _hB281, N7
_cTEXL
_2CC
999 _c53303
_d53303